Les chansons de Luidji - Mort subite - Statistiques

Statistiques générales
  • Ce quiz a été pris 489 fois
  • Le résultat moyen est 6 sur 10
Answers on the Grid
Answers color-coded by a green-red scale on the quiz's grid according to % correct below.
Néons rouges / Belles chansons
Le remède
Foufoune Palace
Pour deux âmes solitaires
Monde
Système
Reste en Vie
Tu le mérites
Gisèle - Part 4
Miskine
Les étoiles vagabondes
On verra
Néons bleus
World
Pour deux âmes solidaires
Ghislaine
Factice
FMR
Impardonnable
Ghetto
 
Statistiques - réponses
Réponse % Correct
Foufoune Palace
63%
Système
62%
Gisèle - Part 4
61%
Reste en Vie
59%
Néons rouges / Belles chansons
58%
Monde
57%
Pour deux âmes solitaires
57%
Le remède
56%
Miskine
56%
Tu le mérites
45%
Aucun quiz correspondant
Distribution des résultats
% des personnes avec chaque résultat
Percentile par nombre de réponses
Votre historique - résultats
Vous n’avez pas pris ce quiz